| 000 | 01367nam a22002897a 4500 | ||
|---|---|---|---|
| 001 | 1643 | ||
| 003 | FISKH | ||
| 005 | 20230912135648.0 | ||
| 008 | 230912b cb ||||| |||| 00| 0 khr d | ||
| 020 | _a9789924341512 | ||
| 040 |
_aFISKH _beng _cFISKH _dFISKH |
||
| 082 | _a152.47 | ||
| 100 | _aAllence, Mireille d' | ||
| 245 |
_aព្យុះកំហឹង / _cនិពន្ធនិងគូររូបដោយ មារ៉ី ដាឡង់សេ - បកប្រែពីភាសាបារាំងដោយ អ៊ូច សូលីដា |
||
| 260 |
_aParis : _bSipar, _c2022. |
||
| 300 |
_a28 pages : _bcolor illustrations ; _c20 cm |
||
| 490 | _aតស់អាន! | ||
| 505 | _aJ | ||
| 520 | _aប៉ាពិន័យរ៉ូប៊ែរឳ្យនៅក្នុងបន្ទប់។ ស្រាប់តែ មានអ្វីម្យ៉ាង ចេញពីក្នុងមាត់គេ ហើយរឿងហេតុក៏កើតឡើង។ | ||
| 520 | _aDad punishes Robert in the room. Suddenly something came out of their mouth and something happened. | ||
| 521 | 8 |
_a500
_bLexile estimate |
|
| 521 | 8 |
_aJ
_bRaz-Plus |
|
| 650 |
_aពិន័យ _vបន្ទប់ _xមាត់ |
||
| 650 |
_aPunish _vRoom _xMouth |
||
| 700 |
_aAllence, Mireille d' _eillustrator |
||
| 942 |
_2ddc _cKHB _n0 |
||
| 999 |
_c1643 _d1643 |
||